| 000 | 006720000a22001930004500 | ||
|---|---|---|---|
| 001 | 768714001 | ||
| 003 | CO-MdFUSB | ||
| 005 | 20170701145608.0 | ||
| 008 | 170701s1 ag ||||| |||| 00| 0 p d | ||
| 022 | _a0326-7637 | ||
| 040 |
_aCO-MdFUSB _bpor _cCO-MdFUSB _dCO-MdFUSB |
||
| 041 | _apor | ||
| 100 | 1 |
_aDreher, Luis H. _eautor |
|
| 245 | 1 | 0 | _aA celebracao de natal de 1806 : Uma introducao aos princípios e ás Raízes sociais da cristologia de Schleiermacher |
| 300 |
_aVolumen 17 (1998), Páginas 161-172 _c23 cm. |
||
| 546 | _aTexto en español | ||
| 773 | 0 |
_tCuadernos de Teología _049404 _959704 _gVolumen 17 (1998), Páginas 161-172 _qPágina 161 |
|
| 942 | _cANA | ||
| 999 |
_c50029 _d50029 |
||